Normal view
MARC view
Entry Topical Term
001 - CONTROL NUMBER
- control field: 100972
003 - CONTROL NUMBER IDENTIFIER
- control field: OSt
005 - DATE AND TIME OF LATEST TRANSACTION
- control field: 20230509140637.0
008 - FIXED-LENGTH DATA ELEMENTS
- fixed length control field: 230509|| aca||aabn | a|a d
040 ## - CATALOGING SOURCE
- Original cataloging agency: OSt
- Transcribing agency: OSt
150 ## - HEADING--TOPICAL TERM
- Topical term or geographic name entry element: Language
670 ## - SOURCE DATA FOUND
- Source citation: Work cat.: (OSt)165665: NORTON (Bonny );TOOBEY (Kellen) Ed 100970, Critical pedagogies and language learning, 2010